|
|
|
|
| LEADER |
00000nam0a2200000 4500 |
| 001 |
364537 |
| 005 |
20231102011710.0 |
| 035 |
|
|
|a (RuTPU)RU\TPU\retro\21895
|
| 090 |
|
|
|a 364537
|
| 100 |
|
|
|a 20211118d1981 km y0rusy50 ca
|
| 101 |
0 |
|
|a rus
|
| 102 |
|
|
|a RU
|
| 105 |
|
|
|a a z 101zy
|
| 200 |
1 |
|
|a Воднобалансовые исследования на мелиорируемых землях
|e материалы междуведомственного совещания на Валдае 11-14 сентября 1979 г.
|f Государственный гидрологический институт ; под ред. С. И. Харченко, П. П. Кузьмина
|
| 210 |
|
|
|a Ленинград
|c Гидрометеоиздат
|d 1981
|
| 215 |
|
|
|a 174 с.
|c ил.
|
| 320 |
|
|
|a Библиогр. в конце докл.
|
| 606 |
1 |
|
|a Гидромелиоративные системы
|x Эксплуатация
|2 stltpush
|3 (RuTPU)RU\TPU\subj\6750
|9 34554
|
| 610 |
1 |
|
|a водный баланс
|
| 610 |
1 |
|
|a исследования
|
| 610 |
1 |
|
|a мелиорируемые земли
|
| 610 |
1 |
|
|a совещания
|
| 610 |
1 |
|
|a Валдай
|
| 610 |
1 |
|
|a технические средства
|
| 610 |
1 |
|
|a мелиорация
|
| 610 |
1 |
|
|a закрытый дренаж
|
| 610 |
1 |
|
|a водный режим
|
| 610 |
1 |
|
|a солевой режим
|
| 610 |
1 |
|
|a тепловой режим
|
| 610 |
1 |
|
|a автоматическое управление
|
| 675 |
|
|
|a 626.8(063)
|v 4
|
| 702 |
|
1 |
|a Харченко
|b С. И.
|4 340
|
| 702 |
|
1 |
|a Кузьмин
|b П. П.
|4 340
|
| 712 |
0 |
2 |
|a Государственный гидрологический институт
|c (Санкт-Петербург)
|2 stltpush
|3 (RuTPU)RU\TPU\col\7764
|9 24381
|
| 712 |
0 |
2 |
|a Воднобалансовые исследования на мелиорируемых землях
|c совещание
|e Валдай
|f 1979
|4 570
|
| 801 |
|
1 |
|a RU
|b 63413507
|c 20211118
|
| 942 |
|
|
|c BK
|